000 00679nam a2200217 a 4500
001 BRL_891
005 20190320210937.0
008 240915s1961----mx-ab#####---#000-0#spa-#
041 _aspa
044 _amx
050 4 _aF1219.1.T2
_b.G85 1961
245 1 0 _aGuía Oficial de el Tajín
260 _aMéxico, D.F.
_bInstituto Nacional de Antropología e Historia, Departamento de Publicaciones
_c1961
300 _a31 p.
_bil. (algunas a color), mapas
_c20 cm.
500 _aAu1055
650 1 4 _aTajín (Veracruz)
_vGuías
_xHistoria
_925250
650 1 4 _aIndígenas de México
_xArquitectura
_924312
651 4 _aMéxico
_xAntigüedades
_92765
902 _aGRL
942 _2lcc
_cB
999 _c9703
_d9703